| 000 | 00950cam a2200217 4500 | ||
|---|---|---|---|
| 001 | WB3934-10 | ||
| 008 | 030909n2003 000 0 eng u | ||
| 035 | _a(Sirsi) u123521 | ||
| 245 | _aHighlanders urged to run wind farms | ||
| 260 | _c2003 | ||
| 490 |
_aPlanning (for the Natural and Built Environment) _v(1535) 5 September 2003, 7(1) |
||
| 520 | _aA Scottish development agency, Highlands and Islands Enterprise (HIE), is producing a guide with details of how to deal with the energy market, raising finance and preparing planning applications. The HIE states that around 80 small-scale wind farm projects have been proposed in the Highlands to power premises such as village halls | ||
| 590 | _aWB | ||
| 650 | _aWIND FARMS | ||
| 650 | _aNATURAL RESOURCES | ||
| 650 | _aSCOTLAND | ||
| 650 | _aHIGHLANDS AND ISLANDS | ||
| 650 | _aHIGLAND COUNCIL | ||
| 690 | _aENVIRONMENTAL AND LAND CONSULTANCY-ENVIRONMENTAL MANAGEMENT | ||
| 942 | _n0 | ||
| 999 |
_c73369 _d73369 |
||